Souvenirs thermidoriens, (Record no. 23156)

MARC details
000 -LEADER
fixed length control field 00575cam a22002171 4500
001 - CONTROL NUMBER
control field f 01003737
003 - CONTROL NUMBER IDENTIFIER
control field DLC
005 - DATE AND TIME OF LATEST TRANSACTION
control field 20260227111247.0
008 - FIXED-LENGTH DATA ELEMENTS--GENERAL INFORMATION
fixed length control field 860723s1844 fr 000 0 fre
010 ## - LIBRARY OF CONGRESS CONTROL NUMBER
LC control number f 01003737
035 ## - SYSTEM CONTROL NUMBER
System control number (OCoLC)13919019
040 ## - CATALOGING SOURCE
Original cataloging agency DLC
Transcribing agency TxLT
Modifying agency DLC
042 ## - AUTHENTICATION CODE
Authentication code premarc
043 ## - GEOGRAPHIC AREA CODE
Geographic area code e-fr---
050 00 - LIBRARY OF CONGRESS CALL NUMBER
Classification number DC146
Item number .D96
100 1# - MAIN ENTRY--PERSONAL NAME
Personal name Duval, Georges,
Dates associated with a name 1772-
245 10 - TITLE STATEMENT
Title Souvenirs thermidoriens,
Statement of responsibility, etc. par Georges Duval ...
260 ## - PUBLICATION, DISTRIBUTION, ETC.
Place of publication, distribution, etc. Paris,
Name of publisher, distributor, etc. V. Magen,
Date of publication, distribution, etc. 1844.
300 ## - PHYSICAL DESCRIPTION
Extent 2 v.
Dimensions 22 cm.
651 #0 - SUBJECT ADDED ENTRY--GEOGRAPHIC NAME
Geographic name France
General subdivision History
Chronological subdivision Revolution, 1789-1799.

No items available.

Powered by Koha